Automatic Control Systems (Record no. 69911)
[ view plain ]
| 000 -LEADER | |
|---|---|
| fixed length control field | 00537nam a22002057a 4500 |
| 003 - CONTROL NUMBER IDENTIFIER | |
| control field | NUST-PNEC |
| 005 - DATE AND TIME OF LATEST TRANSACTION | |
| control field | 20170116181130.0 |
| 008 - FIXED-LENGTH DATA ELEMENTS--GENERAL INFORMATION | |
| fixed length control field | 140402b xxu||||| |||| 00| 0 eng d |
| 020 ## - INTERNATIONAL STANDARD BOOK NUMBER | |
| International Standard Book Number | 9814126721 |
| 040 ## - CATALOGING SOURCE | |
| Transcribing agency | PNEC |
| 082 ## - DEWEY DECIMAL CLASSIFICATION NUMBER | |
| Classification number | 629.83 KUO |
| 100 ## - MAIN ENTRY--PERSONAL NAME | |
| 9 (RLIN) | 22 |
| Personal name | Kuo C Benjamin |
| 245 ## - TITLE STATEMENT | |
| Title | Automatic Control Systems |
| Statement of responsibility, etc. | Benjamin C. Kuo |
| 250 ## - EDITION STATEMENT | |
| Edition statement | 8th ed. |
| 260 ## - PUBLICATION, DISTRIBUTION, ETC. | |
| Place of publication, distribution, etc. | Englewood cliffs, N.J. USA |
| Name of publisher, distributor, etc. | Prentice Hall |
| Date of publication, distribution, etc. | c.2003 |
| 300 ## - PHYSICAL DESCRIPTION | |
| Extent | xxii, 897p. |
| Other physical details | ill: |
| Dimensions | 22cm |
| 500 ## - GENERAL NOTE | |
| General note | Includes index. |
| 650 ## - SUBJECT ADDED ENTRY--TOPICAL TERM | |
| General subdivision | BSMIS |
| 942 ## - ADDED ENTRY ELEMENTS (KOHA) | |
| Source of classification or shelving scheme | |
| Koha item type | Book |
| Withdrawn status | Lost status | Source of classification or shelving scheme | Damaged status | Not for loan | Permanent Location | Current Location | Shelving location | Date acquired | Total Checkouts | Full call number | Barcode | Date last seen | Price effective from | Koha item type |
|---|---|---|---|---|---|---|---|---|---|---|---|---|---|---|
| Pakistan Navy Engineering College (PNEC) | Pakistan Navy Engineering College (PNEC) | 629.83 KUO | PNECLIB-027140 | 10/06/2015 | Book |
